|
|
|
|
| LEADER |
00000nam a22000007a 4500 |
| 005 |
20210204232538.0 |
| 007 |
cr|||| ||| |
| 008 |
210204c20159999br ar|w s|||| 0|||b1por d |
| 022 |
|
|
|a 2236.5796
|
| 035 |
|
|
|a 32519
|
| 040 |
|
|
|a vLex
|
| 090 |
|
|
|c 11094
|d 11094
|
| 245 |
0 |
0 |
|a Revista da Academia Paulista de Direito
|h [Recurso electrn̤ico] /
|
| 256 |
|
|
|a Servicio en ln̕ea
|
| 260 |
|
|
|a San Pablo:
|b Letras Jurídicas Editora,
|c 2015 -
|
| 300 |
|
|
|a 1 recurso electrn̤ico
|
| 310 |
|
|
|a Anual
|
| 500 |
|
|
|a Este ̌o segundo exemplar da Revista da Academia Paulista de Direito em homenagem ao Egrǧio Tribunal de Justiȧ do Estado de Sô Paulo, hoje presidido pelo acadm̊ico Jos ̌Renato Nalini, que ocupa a cadeira de nm︢ero 76 (Young da Costa Manso).
|
| 506 |
1 |
|
|a Disponible solo en los productos indicados
|d vLex Global
|d vLex Global (Academic Edition, excluding Law Schools)
|d vLex Global (U.S. Academic Edition, Law Schools)
|d vLex Global (U.S. Academic Edition, excluding Law Schools)
|d vLex Global (Academic Edition, Law Schools)
|
| 650 |
0 |
4 |
|a Derecho Pb︢lico y Administrativo
|z Brasil
|
| 740 |
0 |
|
|a vLex Revistas (Servicio en ln̕ea)
|
| 856 |
4 |
0 |
|u http://vlex.com/source/revista-da-academia-paulista-de-direito-32519
|z Acceso restringido
|
| 942 |
|
|
|c REV
|
| 999 |
0 |
|
|a Public and Administrative Law
|